Chữa bệnh phụ nữ bằng đông y
Nội dung sách nhằm đáp ứng yêu cầu của nhân dân trong việc ứng dụng thuốc nam chữa các chứng bệnh thông thường ở phụ nữ.
Enregistré dans:
| Auteur principal: | |
|---|---|
| Format: | Livre |
| Langue: | Undetermined |
| Publié: |
Hà Nội
Văn hóa Thông tin
2008
|
| Sujets: | |
| Tags: |
Ajouter un tag
Pas de tags, Soyez le premier à ajouter un tag!
|
| Thư viện lưu trữ: | Trung tâm Học liệu Trường Đại học Cần Thơ |
|---|
| LEADER | 00808nam a2200205Ia 4500 | ||
|---|---|---|---|
| 001 | CTU_132469 | ||
| 008 | 210402s9999 xx 000 0 und d | ||
| 020 | |c 31000 | ||
| 082 | |a 615.882 | ||
| 082 | |b V312 | ||
| 100 | |a Quách, Tuấn Vinh | ||
| 245 | 0 | |a Chữa bệnh phụ nữ bằng đông y | |
| 245 | 0 | |c Quách Tuấn Vinh | |
| 260 | |a Hà Nội | ||
| 260 | |b Văn hóa Thông tin | ||
| 260 | |c 2008 | ||
| 520 | |a Nội dung sách nhằm đáp ứng yêu cầu của nhân dân trong việc ứng dụng thuốc nam chữa các chứng bệnh thông thường ở phụ nữ. | ||
| 650 | |a Folk medicine,Gynecology,Y học dân tộc,Bệnh phụ nữ | ||
| 904 | |i Tuyến | ||
| 980 | |a Trung tâm Học liệu Trường Đại học Cần Thơ | ||